| 000 | 00540nam a2200169Ia 4500 | ||
|---|---|---|---|
| 008 | 140529s9999 xx 000 0 und d | ||
| 020 | _a9780521140034 | ||
| 050 |
_aPN 4021 _b.G58 2011 |
||
| 100 | _aGlover, Dennis. | ||
| 245 | 4 |
_aThe art of great speeches : _band why we remember them / _cDennis Glover |
|
| 260 |
_aCambridge ; New York : _bCambridge University Press, _cc2011. |
||
| 300 |
_a259 p. : _bill. ; _c23 cm. |
||
| 500 | _aIncludes bibliographical references and index. | ||
| 521 | _aGE | ||
| 942 |
_kFOR _cBK |
||
| 999 |
_c117671 _d117671 |
||